000 00692nam a2200289Ia 4500
005 20260324140151.0
008 008 260324s9999 xx 000 0 eng d
020 _a9780203344590
037 _aEBOOK
040 _aCRL
040 _beng
040 _cCRL
041 _2eng
041 _aeng
084 _qCRL
100 _aGeorge J. Leonard
_91203379
245 4 _aThe Asian Pacific American Heritage
245 2 _bA Companion to Literature and Arts
260 _bTaylor and Francis
260 _c1999
365 _a
365 _b300
856 _uhttp://www.taylorfrancis.com/books/9780203344590
942 _cEBOOK
999 _c1805147
_d1805147